مكتبة جامعة عجلون الوطنية

فهرس بحث المكتبة

Normal view MARC view
  • الشركات الصناعيه-الأردن

Entry Topical Term

Number of records used in: 1

001 - CONTROL NUMBER

  • control field: 62418

003 - CONTROL NUMBER IDENTIFIER

  • control field: JO-AjAnu

005 - DATE AND TIME OF LATEST TRANSACTION

  • control field: 20230606084208.0

008 - FIXED-LENGTH DATA ELEMENTS

  • fixed length control field: 230606|| aca||aabn | a|a d

040 ## - CATALOGING SOURCE

  • Original cataloging agency: JO-AjAnu
  • Transcribing agency: JO-AjAnu

150 ## - HEADING--TOPICAL TERM

  • Topical term or geographic name entry element: الشركات الصناعيه-الأردن

670 ## - SOURCE DATA FOUND

  • Source citation: Work cat.: (JO-AjAnu)31831: إعداد العزام، مؤمن هاشم احمد؛ إشراف علي عبدالله الزعبي , author 62417, أثر أسليب الإفصاح واختلافها على القرارات الإستثمارية في الشركات الصناعية الاردنية المدرجة في بورصة عمان-نوع المستثمر كمتغير معدل=The Impact of Disclosure Methods and its Difference on Investment Decisions at Industrial Companies Listed ASE-Investor TYPE as a Moderating Variable